000 00930nam a2200277 a 4500
999 _c165374
_d165374
003 UPN
005 20250227063831.0
008 130930s2002 es r 000 0 spa d
020 _a8480886978
035 _aUPN01000193273
040 _aUPN
_bspa
_cUPN
049 _aCG
050 4 _aLB1044.87
_bP8.3
100 1 _aPuente, David
_934664
245 1 0 _ae-learning-teleform@ción :
_bdiseño, desarrollo y evaluación de la formación a través del internet /
_cD. Puente, M. A. Ballesteros, A. Palazón ; coord. C. Marcelo.
260 _aBarcelona, Esp. :
_bGestión 2000,
_c2002.
300 _a249 p. :
_bil.
650 4 _aInternet en la educación
_9602
650 4 _aComputadoras en la educación
_94976
650 4 _aTecnología educativa
_94978
700 1 _aBallesteros, Miguel Angel,
_ecoaut.
700 1 _aPalazón, Alfonso,
_ecoaut.
700 1 _aMarcelo, Carlos,
_ecoord.
905 _aLibro
942 _2lcc
_cLIBRO